[Event "Ruhrgebiet VK2 0910"]
[Site "Ruhrgebiet"]
[Date "2009.10.04"]
[Round "2.8"]
[White "Galle, Wolfgang"]
[Black "Grewe, Markus"]
[Result "1/2-1/2"]
[WhiteElo "1878"]
[BlackElo "1688"]
[PlyCount "49"]
[EventDate "2009.09.06"]
[EventType "team"]
[EventRounds "9"]
[EventCountry "GER"]
[SourceTitle "EXT 2011"]
[Source "ChessBase"]
[SourceDate "2010.11.26"]
[SourceVersion "1"]
[SourceVersionDate "2010.11.26"]
[SourceQuality "1"]
[WhiteTeam "Muelheim"]
[BlackTeam "Eichlinghofen SV II"]
[WhiteTeamCountry "GER"]
[BlackTeamCountry "GER"]

1. f4 d5 2. e3 c5 3. b3 Nc6 4. Bb2 Nf6 5. Nf3 Bg4 6. Be2 e6 7. Ne5 Nxe5 8. Bxe5 Bxe2 9. Qxe2 g6 10. a4 Bd6 11. Bxd6 Qxd6 12. 0-0 0-0 13. d3 b5 14. Nd2 b4 15. Rf2 e5 16. Raf1 Rae8 17. Qf3 exf4 18. exf4 Re7 19. Re2 Rxe2 20. Qxe2 Re8 21. Qf2 Ng4 22. Re1 Rxe1+ 23. Qxe1 Qe6 24. Qxe6 fxe6 25. Nf1 1/2-1/2

[Event "Dortmund Sparkassen op-A"]
[Site "Dortmund"]
[Date "2006.08.01"]
[Round "4"]
[White "Grewe, Markus"]
[Black "Barskij, Alexander"]
[Result "1/2-1/2"]
[WhiteElo "1725"]
[BlackElo "2002"]
[PlyCount "69"]
[EventDate "2006.07.28"]
[EventType "swiss"]
[EventRounds "9"]
[EventCountry "GER"]
[SourceTitle "CBM 113 Extra"]
[Source "ChessBase"]
[SourceDate "2006.09.14"]
[SourceVersion "1"]
[SourceVersionDate "2006.09.14"]
[SourceQuality "1"]

1. e4 c5 2. Nf3 d6 3. Bc4 Nc6 4. b3 Nf6 5. d3 h6 6. Bb2 e5 7. 0-0 Be7 8. h3 0-0 9. Qd2 Nd4 10. Bxd4 cxd4 11. c3 dxc3 12. Nxc3 a6 13. Rac1 Bd7 14. d4 exd4 15. Nxd4 Rc8 16. a4 Re8 17. Kh1 Qb6 18. Qd3 Bf8 19. f4 Qa5 20. f5 Nxe4 21. Nxe4 d5 22. Nf6+ gxf6 23. Qg3+ Bg7 24. b4 Qxb4 25. Bxd5 Rxc1 26. Rxc1 Qxd4 27. Qd6 Qxa4 28. Rc7 Qa1+ 29. Kh2 Re1 30. Rxd7 Rh1+ 31. Kg3 Qe1+ 32. Kg4 Qd1+ 33. Kg3 Qe1+ 34. Kg4 Qe2+ 35. Kh4 1/2-1/2

[Event "Dortmund Sparkassen op-A"]
[Site "Dortmund"]
[Date "2006.07.30"]
[Round "3"]
[White "Hokamp, Sascha"]
[Black "Grewe, Markus"]
[Result "1-0"]
[WhiteElo "2118"]
[BlackElo "1725"]
[PlyCount "53"]
[EventDate "2006.07.28"]
[EventType "swiss"]
[EventRounds "9"]
[EventCountry "GER"]
[SourceTitle "CBM 113 Extra"]
[Source "ChessBase"]
[SourceDate "2006.09.14"]
[SourceVersion "1"]
[SourceVersionDate "2006.09.14"]
[SourceQuality "1"]

1. d4 d5 2. Nf3 Bf5 3. e3 g6 4. Bd3 Bg7 5. 0-0 Nd7 6. c4 dxc4 7. Bxc4 e5 8. Qb3 e4 9. Bxf7+ Kf8 10. Bxg8 Rxg8 11. Ne1 Nb6 12. f3 exf3 13. Nxf3 Bf6 14. Bd2 Kg7 15. Nc3 Bd3 16. Rf2 Rf8 17. Ne2 Bc4 18. Qc2 Bh4 19. g3 Be7 20. Bc3 Nd5 21. e4 Ne3 22. Qd2 Ng4 23. d5+ Kg8 24. Qd4 Bf6 25. e5 Nxf2 26. Qxc4 Bxe5 27. d6+ 1-0

[Event "Dortmund op"]
[Site "Dortmund"]
[Date "2006.03.14"]
[Round "5.16"]
[White "Skoecz, Horst"]
[Black "Grewe, Markus"]
[Result "0-1"]
[WhiteElo "1456"]
[BlackElo "1751"]
[PlyCount "114"]
[EventDate "2006.03.06"]
[EventType "swiss"]
[EventRounds "9"]
[EventCountry "GER"]
[SourceTitle "CBM 111 Extra"]
[Source "ChessBase"]
[SourceDate "2006.05.09"]
[SourceVersion "1"]
[SourceVersionDate "2006.05.09"]
[SourceQuality "1"]

1. e4 c5 2. Qe2 g6 3. Nc3 Nc6 4. Nf3 Bg7 5. Qb5 b6 6. Qa4 e6 7. Bb5 Bb7 8. 0-0 a6 9. Bxc6 Bxc6 10. Qc4 Ne7 11. d4 d5 12. exd5 exd5 13. Qe2 0-0 14. Ne5 cxd4 15. Nxc6 Nxc6 16. Nd1 Re8 17. Qd3 Qh4 18. Qg3 Qh5 19. f3 Re2 20. Qg4 Qxg4 21. fxg4 Rxc2 22. Bg5 Re8 23. Rf2 Re1+ 24. Rf1 Ree2 25. Rf2 Rxf2 26. Nxf2 f6 27. Bh4 Ne5 28. g5 fxg5 29. Bxg5 d3 30. Bf4 d2 31. Rd1 b5 32. Bxd2 Rxb2 33. Bc3 Rxa2 34. Bxe5 Bxe5 35. Ng4 Ra1 36. Rxa1 Bxa1 37. Kf1 b4 38. Ne3 d4 39. Nc4 b3 40. Nd2 Bc3 41. Nxb3 a5 42. Ke2 a4 43. Nc1 Kf7 44. Na2 Bb2 45. Kd3 Kf6 46. Ke4 Ke6 47. h3 Kd6 48. Nb4 a3 49. Na2 Kc5 50. Kd3 h6 51. g3 g5 52. h4 gxh4 53. gxh4 h5 54. Kc2 Kc4 55. Nc1 Bxc1 56. Kxc1 a2 57. Kb2 d3 0-1